000 00557nam a2200217Ia 4500
003 OSt
005 20221005033848.0
006 a|||||r|||| 00| 0
007 ta
008 221004b |||||||| |||| 00| 0 eng d
024 _a71461
037 _cTextual
040 _aCRL
_cCRL
_beng
041 _2eng
_aeng
082 _aY1:5sn2:M81, M5,6
245 0 _aCensus of India 1981
260 _aDelhi
_bDirector of Census Operations
_c1985
650 _aSOCIOLOGY
942 _hY1:5sn2:M81, M5,6
_cTEXL
_2cc
999 _c942227
_d942227